00418nam a2200181Ia 4500008004100000020001800041050001600059100001800075245002300093245002100116260001500137260001600152260000900168300001600177300002500193300001000218500000800228170918s9999 xx 000 0 und d a9780439412810 bR225we 1978 aRaskin, Ellen 4aThe westing game / cby Ellen Raskin. aNew York : bScholastic, c1978 a216 pages : bcolor illustration ; c19cm. a750